|
|
|
|
| LEADER |
01061nam a22002892a 4500 |
| 001 |
000867647 |
| 003 |
CZ BrMZK |
| 005 |
20180425133559.0 |
| 007 |
ta |
| 008 |
070925s1941 xr er|||||||||||cze d |
| 015 |
|
|
|a cnb000995671
|
| 035 |
|
|
|a (OCoLC)55772496
|
| 040 |
|
|
|a ABA001
|b cze
|c ABA001
|
| 100 |
1 |
|
|a Čep, Jan,
|d 1902-1974
|7 jk01021241
|4 aut
|
| 245 |
1 |
0 |
|a Tvář pod pavučinou :
|b povídky /
|c Jan Čep
|
| 250 |
|
|
|a První vydání
|
| 260 |
|
|
|a Praha :
|b Vyšehrad,
|c 1941
|
| 300 |
|
|
|a 205 s. ;
|c 8°
|
| 490 |
1 |
|
|a Knihy Katolického literárního klubu ;
|v Roč. VI. Sv. 1
|
| 500 |
|
|
|a Tiskl podle osnovy Antonína Lískovce
|
| 500 |
|
|
|a Dostupné též v digitální podobě v aplikaci Kramerius
|
| 830 |
|
0 |
|a Knihy Katolického literárního klubu
|0 s
|
| 856 |
4 |
1 |
|u http://www.digitalniknihovna.cz/mzk/uuid/uuid:74292220-4eb5-11e8-9a44-005056827e52
|y Digitalizovaný dokument
|x NDK
|
| 910 |
|
|
|a BOA001
|b 1-0899.108
|
| 990 |
|
|
|a BK
|
| 991 |
|
|
|b 200709
|
| 996 |
6 |
|
|b 2619242084
|c 1-0899.108
|l MZK
|r Sklad / do 1 hodiny
|n 7
|w 000867647
|u 000010
|a 1
|e BOA001
|j MZK50
|s P
|